| 000 | 01167cam a22002651i 4500 | ||
|---|---|---|---|
| 003 | SA-RiAUC | ||
| 005 | 20250506065459.0 | ||
| 008 | 250501s2010 iq g 000 0 ara c | ||
| 040 |
_aSA-RiAUC _bara _cSA-RiAUC _erda |
||
| 043 | _aa-iq--- | ||
| 082 | 0 | 4 |
_a956.733 _qSA-RiAUC |
| 090 |
_a956.733 _bا ب ن ا |
||
| 100 | 1 |
_aابن إسماعيل، عبد الله بن عيسى، _dتوفي 1247 هجري _eمؤلف. |
|
| 245 | 1 | 0 |
_aتاريخ مدينة البصرة / _cتأليف عبد الله بن عيسى بن إسماعيل النجدي ؛ تحقيق فاخر جبر. |
| 264 | 1 |
_aالعراق : _bالدار العربية للموسوعات، _c2010 |
|
| 300 | _aصفحة | ||
| 336 |
_aنص _btxt _2rdacontent _3كتاب |
||
| 337 |
_aبدون وسيط _bn _2rdamedia |
||
| 338 |
_aمجلد _bnc _2rdacarrier |
||
| 651 | 7 |
_aالبصرة (العراق) _xتاريخ _2aucsh |
|
| 700 | 1 |
_aمطر، فاخر جبر _eمحقق. |
|
| 700 | 1 | 2 |
_iتحقيق لـ (عمل) : _aابن إسماعيل، عبد الله بن عيسى، _dتوفي 1247 هجري _tتاريخ مدينة البصرة. |
| 942 |
_2ddc _cBOOK _n0 |
||
| 949 |
_aSA-JeALM _d250501 _umohamedma123 _n1 |
||
| 999 |
_c7643 _d7643 |
||